000 00591nam a2200229Ia 4500
003 OSt
005 20221005124310.0
006 a|||||r|||| 00| 0
007 ta
008 221004b |||||||| |||| 00| 0 tam d
024 _a52719
037 _cTextual
040 _aCRL
_cCRL
_btam
041 _2tam
_atam
082 _aV233.7, 31K2
100 _aRasamannikkam pillai
_9635003
245 0 _aMoherijodaro alladu sindiveli nagarigam
260 _c1962
650 _aHISTORY
942 _hV233.7, 31K2
_cTEXL
_2cc
999 _c1050057
_d1050057